书目信息 |
| 题名: |
发明的故事
|
|
| 作者: | 房龙 著 ;杨禾 编译 | |
| 分册: | ||
| 出版信息: | 北京 金盾出版社 2014.02 |
|
| 页数: | 168页 | |
| 开本: | 23cm | |
| 丛书名: | 国际文学大奖得主经典文库 | |
| 单 册: | ||
| 中图分类: | N19-49 | |
| 科图分类: | ||
| 主题词: | 创造发明--chuang zao fa ming--普及读物 , 普及读物--pu ji du wu | |
| 电子资源: | ||
| ISBN: | 978-7-5082-8959-5 | |
| 000 | 01130nam0 22003131 450 | |
| 001 | 0115101230 | |
| 005 | 20170415101230.0 | |
| 010 | @a978-7-5082-8959-5@dCNY24.00 | |
| 100 | @a20140305d2014 em y0chiy0121 ea | |
| 101 | 1 | @achi@ceng |
| 102 | @aCN@b110000 | |
| 105 | @aa z 000yy | |
| 106 | @ar | |
| 200 | 1 | @a发明的故事@Afa ming de gu shi@dThe story of invention@f(美) 房龙著@g杨禾编译@zeng |
| 210 | @a北京@c金盾出版社@d2014.02 | |
| 215 | @a168页@c图@d23cm | |
| 225 | 2 | @a国际文学大奖得主经典文库@Aguo ji wen xue da jiang de zhu jing dian wen ku |
| 225 | 2 | @a典藏房龙@Adian cang fang long |
| 330 | @a本书以通俗的语言叙述了关于人类一些最基本的发明故事, 由《万能的人类》和《上古的人》两部分组成。 | |
| 461 | 0 | @12001 @a国际文学大奖得主经典文库 |
| 461 | 0 | @12001 @a典藏房龙 |
| 500 | 10 | @aStory of invention@mChinese |
| 606 | 0 | @a创造发明@Achuang zao fa ming@j普及读物 |
| 606 | 0 | @a普及读物@Apu ji du wu |
| 690 | @aN19-49@v5 | |
| 701 | 1 | @a房龙@Afang long@g(Van Loon, Hendrik Willem),@f1882-1944@4著 |
| 702 | 0 | @a杨禾@Ayang he@4编译 |
| 801 | 0 | @aCN@bTANGWEI@c20170308 |
| 905 | @b0965719-22@dN19-49@e109@f4 | |
| 发明的故事=The story of invention/(美) 房龙著/杨禾编译.-北京:金盾出版社,2014.02 |
| 168页:图;23cm.-(国际文学大奖得主经典文库).-(典藏房龙) |
| ISBN 978-7-5082-8959-5:CNY24.00 |
| 本书以通俗的语言叙述了关于人类一些最基本的发明故事, 由《万能的人类》和《上古的人》两部分组成。 |
| ● |
| 相关链接 |
|
|
|
|
正题名:发明的故事
索取号:N19-49/109
 
预约/预借
| 序号 | 登录号 | 条形码 | 馆藏地/架位号 | 状态 | 备注 |
| 1 | 0965719 | 209657192 | 第二样本阅览室/ [索取号:N19-49/109] | 在馆 | |
| 2 | 0965720 | 209657209 | 第三借阅区/ [索取号:N19-49/109] | 在馆 | |
| 3 | 0965721 | 209657218 | 第三借阅区/ [索取号:N19-49/109] | 在馆 | |
| 4 | 0965722 | 209657227 | 第三借阅区/ [索取号:N19-49/109] | 在馆 |